Guía de planificación ambiental regional : (Registro nro. 3477)

Detalles MARC
000 -CABECERA
Campo de control 00945nam a2200265 a 4500
005 - FECHA Y HORA DE LA ULTIMA TRANSACCION
Campo de control 20180803165106.0
008 - ELEMENTOS DE LONGITUD FIJA—INFORMACION GENERAL
Campo de control 140311s2003 ck a gr|||| 00| 0 spa d
040 ## - FUENTE DE CATALOGACIÓN
Agencia catalogadora original CO-BoIAVH
Agencia transcriptora CO-BoIAVH
041 0# - IDIOMA
Código de idioma para texto/pista de sonido o título separado Español
044 ## - PAÍS DE PUBLICACIÓN
País de publicación Colombia
082 04 - NUMERO DE CLASIFICACION DECIMAL DEWEY
Número de clasificación 346.045
Número del ítem P96g
110 2# - ASIENTO PRINCIPAL--NOMBRE CORPORATIVO
Unidad subordinad Proyecto Somos SINA
9 (RLIN) 20176
245 10 - MENCION DE TITULO
Título Guía de planificación ambiental regional :
Parte restante del título herramientas de prospectiva y participación /
Mención de responsabilidad Somos SINA
260 ## - PUBLICACION, DISTRIBUCION, ETC. (PIE DE IMPRENTA)
Lugar de publicación, distribución, etc. Bogotá :
Nombre del editor, distribuidor, etc. SINA :
-- GTZ :
-- Ministerio del Medio ambiente,
Fecha de publicación, distribución, etc. 2003.
300 ## - DESCRIPCION FISICA
Extensión 118 páginas :
Otros detalles físicos Ilustraciones;
Dimensiones 21 x 21 cm.
650 #6 - ASIENTO SECUNDARIO DE MATERIA - TERMINO TEMATICO
Término temático o nombre geográfico como elemento de entrada Planificación ambiental
9 (RLIN) 92289
650 #6 - ASIENTO SECUNDARIO DE MATERIA - TERMINO TEMATICO
Término temático o nombre geográfico como elemento de entrada Política ambiental
9 (RLIN) 92286
650 #6 - ASIENTO SECUNDARIO DE MATERIA - TERMINO TEMATICO
Término temático o nombre geográfico como elemento de entrada Planeación prospectiva
9 (RLIN) 20179
650 #6 - ASIENTO SECUNDARIO DE MATERIA - TERMINO TEMATICO
Término temático o nombre geográfico como elemento de entrada Gestión ambiental
9 (RLIN) 92206
650 #6 - ASIENTO SECUNDARIO DE MATERIA - TERMINO TEMATICO
Término temático o nombre geográfico como elemento de entrada Diagnóstico ambiental
9 (RLIN) 4571
662 ## - ASIENTO SECUNDARIO DE MATERIA - JERARQUIA DEL NOMBRE DE LUGAR(
País o entidad mayor Colombia
710 2# - ASIENTO SECUNDARIO - NOMBRE CORPORATIVO
Nombre corporativo o de jurisdicción como elemento de entrada Cooperación Alemana al Desarrollo
9 (RLIN) 9352
710 2# - ASIENTO SECUNDARIO - NOMBRE CORPORATIVO
Nombre corporativo o de jurisdicción como elemento de entrada Colombia.
Unidad subordinada Ministerio del Medio Ambiente
9 (RLIN) 54831
942 ## - ELEMENTOS ADICIONALES (KOHA)
Tipo de ítem Libro
Sistema de clasificación Dewey Decimal Classification
Existencias
Withdrawn status Lost status Sistema de Clasificación Damaged status No para préstamo Colección Ubicación Permanente Ubicación actual Fecha de adquisición Fuente de Valor Total Checkouts Número topográfico Inventario / Código de Barras Date last seen Ejemplar Price effective from Tipo de material Inventariado Forma de adquisición
    Dewey Decimal Classification     General Bogotá Bogotá 06/02/2004     LB-346.045 P96g 014812 04/12/2012 Ej. 1. 04/12/2012 Libro Inventariado 2017  
    Local     General Villa de Leyva Villa de Leyva 23/02/2005 Guerrero, Alicia   LB-03262 017326 04/12/2012 Ej.2 04/12/2012 Libro    
    Local     General Villa de Leyva Villa de Leyva 21/04/2005 GTZ   LB-03262 014811 04/12/2012 Ej.3 04/12/2012 Libro